000
00260 a2200121 4500
000
nam a22 7a 4500
020
_a
9781484277058
100
_a
Friesen, Jeff
_9
71
245
_a
Java XML and JSON
250
_a
2
260
_b
Apress
_c
2019
264
_b
Apress
999
_c
35909
_d
35909